LEADER 01192nam a2200265 i 4500 001 000000079548 003 CaOOAMICUS 005 20220623161924.0 008 170331s1976 it u000 u ita u 013 $a51785 040 $aSeMil$bita 100 1 $aGuitton, Jean,$d<1901-1999>.$0(OLS)http://semarc/name/848 240 10$aRue du Bac ou la superstition dépassée.$0(OLS)http://semarc/title/403467 245 13$aLa Vergine a Rue du Bac. La medaglia miracolosa al di là della superstizione /$cJean Guitton. 264 1$a[Italia] :$bPaoline,$c1976. 300 $a149 p. ;$c21 cm. 490 1 $aAlma Mater. Mariologia ;$v17 650 4$aMadonna - Apparizioni - Parigi - Rue du Bac.$0(OLS)http://semarc/subject/45811 830 0$aAlma Mater ;$v17.$0(OLS)http://semarc/title/419335 850 $aSeMil 852 $aSeMil$W1$xVenegono$y1$m2L III 257$j45224$B45224$CSeMilBibl$Z2$F47144 $81 961 $aRecupero: Seminario di Seveso 996 $6245$aLa Vergine a Rue du Bac. La medaglia miracolosa al di là della superstizione$9(OLS)http://semarc/title/403466 996 $6264$a[Italia] :$bPaoline$9(OLS)http://semarc/publisher/31241 LEADER 01251nam a2200277 i 4500 001 000000110755 003 CaOOAMICUS 005 20021213000000.0 008 021213s1990 it u000 u ita u 013 $a83436 020 $a88-263-0764-4 040 $aSeMil$bita 100 1 $aTellechea Idígoras, José Ignacio <1929-2008>.$0(OLS)http://semarc/name/29056 240 10$aIgnacio de Loyola : solo y a pie.$0(OLS)http://semarc/title/161038 245 10$aIgnazio di Loyola :$bsolo e a piedi /$cJ. Ignacio, Tellechea Idigoras. 260 $aRoma :$bBorla,$ccopyr. 1990. 300 $a445 p. ;$c20 cm. 500 $aIn preliminari : Dedica autografa dell'Autore. - Fondo Card. C.M. Martini. 600 04$aIgnazio : di Loyola .$0(OLS)http://semarc/subject/467 850 $aSeMil 852 $aSeMil$W1$xVenegono$y1$m3H I 315$j66618$B66618$CSeMilBibl$Z2$F85558 $81 941 1 $a4 961 $aOmaggio: Martini Card. Carlo Maria. - Con dedica autografa dell'autore al Card. Carlo Maria Martini (17/11/1990) 996 $6020$a88-263-0764-4$9(OLS)http://semarc/number/92672 996 $6245$aIgnazio di Loyola :$bsolo e a piedi$9(OLS)http://semarc/title/161037 996 $6260$aRoma :$bBorla$9(OLS)http://semarc/publisher/29677